000 00878nam a2200313 a 4500
001 000114410
003 CHAP
005 20220329144440.0
008 180122s1990 ag |r| ||||f|spa d
010 _a110871
011 _a111843
020 _a9788420636948
040 _cCHAP
082 0 4 _a843.9
_bC21
100 1 _aCamus, Albert
_9134164
245 1 3 _aEl extranjero /
_cpor Albert Camus.
260 _aBuenos Aires :
_bEmecé
_aMadrid :
_bAlianza,
_c1990.
300 _a124 p.
490 0 _aEl libro de bolsillo
534 _pTít. original :
_tL´Étranger
590 _aE11695DGD
_b10
_c20180123
_lUCH01
_h1048
590 _aE5765TAJ
_b05
_c20180122
_lUCH01
_h0938
650 1 4 _aLiteratura francesa
_ySiglo XX.
_9134430
650 1 4 _aNovela francesa
_ySiglo XX.
_9134429
830 3 _aEl libro de bolsillo
_936129
901 _aBK
942 _cLIBRO
942 _n0
999 _c110871
_d110871